=LDR 00000nam 2200000 4500 =001 INLIS000000000023011 =005 20130612121717 =008 ***********************************Ind** =035 ##$$0010-061300000023011 =041 ##$$a Ind =245 ##$$a PR Fisika, Kelas 3 SMU tengah tahun kedua, dilengkapi dengan latihansoal-soal standar ujian akhir Nasional ,,,,,,, =260 ##$$b Intan Pariwara =300 ##$$a ii, 166 hlm., ilus, 30 cm =650 ##$$a Fisika =850 ##$$a NBPNMAT